| 000 | 02882 a2200301 4500 | ||
|---|---|---|---|
| 001 | 47196 | ||
| 005 | 20260407155740.0 | ||
| 008 | 260407a1995 arg spa d | ||
| 003 | AR-UNSa-BCEJYS | ||
| 040 |
_aAR-UNSa-BCEJYS _bspa _cAR-UNSa-BCEJYS |
||
| 080 |
_a339.9 _xEconomía internacional en general. Relaciones económicas internacionales. Economía mundial |
||
| 245 | 1 | 0 | _aEconomía Mundial |
| 020 | _a84-481-1684-4 | ||
| 264 | 1 |
_aMadrid : _bMcGraw-Hill _c1995 |
|
| 300 |
_a480 p. _c25 cm. |
||
| 505 | _aPrimera Parte : METODOLOGIA Y CONCEPTOS : 1. La sociedad y las ciencias sociales : método y especialización - 2. El método económico-estructural - 3. Las estructuras eocioeconómicas -- Segunda Parte : EL DESARROLLO CAPITALISTA : 4. La estructura económica capitalista - 5. La dinámica estructural capitalista (I) : Leyes - 6. La dinámica estructural capitalista (II) : Los efectos - 7. La formación del sistema capitalista mundial -- Tercera Parte : LA INFRAESTRUCTURA DEL SISTEMA MUNDIAL : LOS RECURSOS MUNDIALES : 8. El análisis empírico del Sistema Centro/Periferia - 9. El proceso de reproducción de la población mundial - 10. La relación economía-población - 11. Los recursos naturales - 12. La base energética del Sistema - 13. Agricultura y alimentación mundiales - 14. El proceso de industrialización capitalista - 15. La industria mundial - 16. La terciarización de la economía mundial - 17. La crisis en la infraestructura sistémica -- Cuarta Parte : LA ESTRUCTURA DEL SISTEMA CAPITALISTA MUNDIAL : LAS RELACIONES CENTRO-PERIFERIA : 18. El desarrollo capitalista en el Centro del Sistema - 19. La mundialización capitalista desde el Centro del Sistema - 20. La integración económica - 21. El desarrollo capitalista en la Periferia del Sistema - 22. Capitalismo periférico y alternativas de desarrollo - 23. La estructura económica mundial (I) : El comercio Centro-Periferia - 24. La estructura económica mundial (II) : Los flujos financieros Centro/Periferia - 25. La estructura económica mundial (III) : Cooperación y ayuda al desarrollo - 26. La crisis de la economía mundial -- Quinta Parte : LA SUPERESTRUCTURA DEL SISTEMA MUNDIAL : LOS ORGANISMOS ECONOMICOS MUNDIALES : 27. La regulación del comercio internacional - 28. Las instituciones de integración económica - 29. La regulación del sistema financiero internacional. | ||
| 942 | _cBK | ||
| 590 | _aniveau_biblio:m niveau_hierar:0 | ||
| 100 | 1 | _aCasares Vidal, Dolors | |
| 700 | 1 | _aMartinez Peinado, Javier | |
| 700 | 1 | _aVidal Villa, José María | |
| 700 | 1 | _aArtés, Ramón Franquesa | |
| 700 | 1 | _aMaestro Yarza, Irene | |
| 700 | 1 | _aSánchez Tabarés, Ramón | |
| 700 | 1 | _aTalavera Déniz, Pedro | |
| 700 | 1 | _aVilaseca i Requena, Jordi | |
| 856 | 4 | 1 |
_uhttps://www.biblioeco.unsa.edu.ar/pmb/images/libros/L127427.jpg _yImagen de portada _qimage/jpeg |
| 999 |
_c4315 _d4315 |
||